|
|
|
|
| LEADER |
00000nab a2200000 a 4500 |
| 001 |
vtls000842469 |
| 003 |
SK-MaSNL |
| 005 |
20260304124107.0 |
| 008 |
250429c2003 xo 0 slo |
| 015 |
|
|
|a SNBRB2003/08-22531
|
| 035 |
|
|
|a CLN000194124
|
| 035 |
|
|
|a urn:nbn:sk:snk-abqhe
|
| 035 |
|
|
|a (urnnbn)urn:nbn:sk:snk:ar-a04w3q
|
| 035 |
|
|
|a (uuid)8d3208f7-c4dc-4c6c-bb68-00d12834e563
|
| 040 |
|
|
|a SNKBUCL
|b slo
|c SNKBUCL
|e AACR2
|
| 041 |
0 |
|
|a slo
|
| 044 |
|
|
|a xo
|c SK
|
| 080 |
|
|
|a 556.36(437.6)
|2 1997
|
| 100 |
1 |
|
|a Michalko, Juraj,
|d 1959-
|4 aut
|9 5354
|
| 245 |
1 |
0 |
|a Environmentálne izotopy v podzemnej vode prameňov Periodická vyvieračka a Teplica v Tisovskom krase
|c Juraj Michalko, Silvia Vojtková
|
| 246 |
1 |
1 |
|a Environmental isotopes in the groundwater of the Periodická vyvieračka and Teplica springs in the Tisovec karst
|
| 300 |
|
|
|b Sch., tab.
|
| 504 |
|
|
|a Bibliogr. odkazy
|
| 504 |
|
|
|a Res. angl.
|
| 650 |
0 |
7 |
|a vody podzemné
|x izotopy
|x pramene krasové
|z Tisovský kras (Slovensko)
|2 snkbucl
|9 1434430
|
| 650 |
0 |
7 |
|a pramene krasové
|2 snkbucl
|9 1434431
|
| 651 |
|
7 |
|a Tisovský kras (Slovensko)
|2 snkbucl
|9 25659
|
| 655 |
|
7 |
|a články z novín a časopisov
|2 snkbucl
|9 267496
|
| 700 |
1 |
|
|a Vojtková, Silvia
|c hydrogeologička
|4 aut
|9 79268
|
| 773 |
0 |
|
|t Podzemná voda
|g Roč. 9, č. 1 (2003), s. 14-22
|x 1335-1052
|
| 850 |
|
|
|a Slovenská národná knižnica
|
| 852 |
|
|
|a Slovenská národná knižnica
|
| 954 |
|
|
|a odborná, vedecká literatúra pôvodná (slovenská)
|2 lita
|
| 958 |
|
|
|a article27
|
| 958 |
|
|
|a NB
|
| 958 |
|
|
|a SK
|
| 958 |
|
|
|a OND
|
| 958 |
|
|
|a EUIPO
|
| 999 |
|
|
|c 2890577
|d 2892507
|